GORİOT BABA (ANTİK OKUL KLASİKLERİ) (Record no. 695422)

MARC details
000 -LEADER
sabit uzunluktaki kontrol alanı 00276nam a2200097Ia 4500
001 - KONTROL NUMARASI
kontrol alanı 695422
005 - EN SON İŞLEMİN TARİH VE ZAMANI
kontrol alanı 20250826161952.0
008 - SABİT-UZUNLUKTA VERİ ÖĞELERİ--GENEL BİLGİ
sabit uzunluktaki kontrol alanı 250824s9999 xx 000 0 und d
245 #0 - ESER / YAZAR
ESER ADI GORİOT BABA (ANTİK OKUL KLASİKLERİ)
Yazar Adı HONORE DE BALZAC
260 ## - YAYIN, DAĞITIM, VB.
YAYIN EVİ ANTİK DÜNYA KLASİKLERİ
Holdings
Düşüm durumu Kayıp durumu Hasar Durumu Ödünç verilmez Ana kütüphane Geçerli Kütüphane Edinilen tarih Toplam ödünç verme sayısı Barkod Son görüntüleme tarihi Fiyatın geçerli olmaya başladığı tarih Koha materyal türü
        ŞEHİT UFUK BAYSAN ANADOLU LİSESİ ŞEHİT UFUK BAYSAN ANADOLU LİSESİ 24.08.2025   1020138 26.08.2025 26.08.2025 Books